<?xml version="1.0" encoding="UTF-8"?>
<collection xmlns="http://www.loc.gov/MARC21/slim">
 <record>
  <leader>01456pam a22003138a 4500</leader>
  <controlfield tag="001">00026644</controlfield>
  <controlfield tag="005">20171026081022.0</controlfield>
  <controlfield tag="008">110816s2004                  ||||||viesd</controlfield>
  <datafield tag="020" ind1=" " ind2=" ">
   <subfield code="c">6200</subfield>
  </datafield>
  <datafield tag="041" ind1="0" ind2="#">
   <subfield code="a">vie</subfield>
  </datafield>
  <datafield tag="082" ind1="1" ind2="4">
   <subfield code="a">428</subfield>
   <subfield code="b">T306A</subfield>
  </datafield>
  <datafield tag="245" ind1="0" ind2="0">
   <subfield code="a">Tiếng Anh 8</subfield>
   <subfield code="c">Nguyễn Văn Lợi ( tổng ch.b)...[và nh. ng. khác]</subfield>
   <subfield code="b">Sách giáo viên</subfield>
  </datafield>
  <datafield tag="260" ind1="#" ind2="#">
   <subfield code="a">H.</subfield>
   <subfield code="b">Giáo dục</subfield>
   <subfield code="c">2004</subfield>
  </datafield>
  <datafield tag="300" ind1="#" ind2="#">
   <subfield code="a">160 tr.</subfield>
   <subfield code="b">hình vẽ</subfield>
   <subfield code="c">24 cm.</subfield>
  </datafield>
  <datafield tag="500" ind1="#" ind2="#">
   <subfield code="a">ĐTTS ghi: Bộ Giáo dục và Đào tạo</subfield>
  </datafield>
  <datafield tag="650" ind1="#" ind2="4">
   <subfield code="a">Lớp 8</subfield>
  </datafield>
  <datafield tag="650" ind1="#" ind2="4">
   <subfield code="a">Sách giáo viên</subfield>
  </datafield>
  <datafield tag="650" ind1="#" ind2="4">
   <subfield code="a">Tiếng Anh</subfield>
  </datafield>
  <datafield tag="700" ind1="1" ind2="#">
   <subfield code="a">Nguyễn Hạnh Dung</subfield>
   <subfield code="e">ch.b</subfield>
  </datafield>
  <datafield tag="700" ind1="1" ind2="#">
   <subfield code="a">Nguyễn Văn Lợi</subfield>
   <subfield code="e">ch.b</subfield>
  </datafield>
  <datafield tag="700" ind1="1" ind2="#">
   <subfield code="a">Trần Huy Phương</subfield>
  </datafield>
  <datafield tag="852" ind1="#" ind2="#">
   <subfield code="b">Kho giáo trình</subfield>
   <subfield code="j">KGT.0031179, KGT.0031180, KGT.0031181, KGT.0031182, KGT.0031183, KGT.0031184, KGT.0031185, KGT.0031186, KGT.0031168, KGT.0031169, KGT.0031170, KGT.0031171, KGT.0031172, KGT.0031173, KGT.0031174, KGT.0031175, KGT.0031176, KGT.0031177, KGT.0031178</subfield>
  </datafield>
  <datafield tag="852" ind1="#" ind2="#">
   <subfield code="b">Kho mượn</subfield>
   <subfield code="j">KGT.0031171</subfield>
  </datafield>
  <datafield tag="852" ind1="#" ind2="#">
   <subfield code="j">KGT.0031179</subfield>
   <subfield code="j">KGT.0031180</subfield>
   <subfield code="j">KGT.0031182</subfield>
   <subfield code="j">KGT.0031183</subfield>
   <subfield code="j">KGT.0031169</subfield>
   <subfield code="j">KGT.0031170</subfield>
   <subfield code="j">KGT.0031172</subfield>
   <subfield code="j">KGT.0031173</subfield>
   <subfield code="j">KGT.0031177</subfield>
   <subfield code="j">KGT.0031175</subfield>
   <subfield code="j">KGT.0031176</subfield>
   <subfield code="j">KGT.0031184</subfield>
   <subfield code="j">KGT.0031185</subfield>
   <subfield code="j">KGT.0031168</subfield>
   <subfield code="j">KGT.0031171</subfield>
   <subfield code="j">KGT.0031174</subfield>
   <subfield code="j">KGT.0031178</subfield>
   <subfield code="j">KGT.0031181</subfield>
   <subfield code="j">KGT.0031186</subfield>
  </datafield>
  <datafield tag="910" ind1=" " ind2=" ">
   <subfield code="d">16/08/2011</subfield>
  </datafield>
  <datafield tag="980" ind1="#" ind2="#">
   <subfield code="a">Trung tâm Học liệu Lê Vũ Hùng, Trường Đại học Đồng Tháp</subfield>
  </datafield>
 </record>
</collection>
